Top 20 Most Traded Currencies - Statistics

General Stats
  • This quiz has been taken 1,024 times
  • The average score is 13 of 20
Answer Stats
Rank Answer % Correct
1st {United States} dollar
99%
2nd Euro
96%
3rd Japanese yen
94%
5th {Australian} dollar
90%
7th {Canadian} dollar
90%
4th Pound sterling
90%
8th Mexican peso
83%
9th Chinese yuan
72%
12th Russian rouble
70%
20th Indian rupee
68%
10th {New Zealand} dollar
68%
6th Swiss franc
67%
19th Brazilian real
49%
16th Turkish lira
49%
14th Norwegian krone
48%
17th South Korean won
44%
11th Swedish krona
44%
15th {Singapore} dollar
43%
18th South African rand
42%
13th {Hong Kong} dollar
35%
No matching quizzes found
Score Distribution
Percent of People with Each Score
Percentile by Number Answered
Your Score History
You have not taken this quiz